000 00419cam a22001217a 4500
008 180718b2004 xxu||||| |||| 00| 0 eng d
100 _aLuo, Xubei
245 _aThe role of infrastructure investment location in China's western development
_cby Xubei Luo
260 _aWashington, D.C.
_bWorld Bank
_c2004
300 _a26p.
440 _aPolicy research working paper, 3345
650 _aInfrastructure (Economics) --China
999 _c290804
_d290804